000
00322nam a2200109Ia 4500
008
200302s9999 xx 000 0 und d
100
_a
Amanda Davis NCIDQ and Others
245
_a
Kitchen and bath sustainable design conservation, Materials, practices
260
_b
John Willey and Sons Inc.
260
_c
2015
300
_a
218
999
_c
6764
_d
6764